Szczegóły MARC21

Breve storia della letteratura italiana : dalle origini ai nostri giorni /

005 -DATA I CZAS OSTATNIEJ MODYFIKACJI [,]
    • @
    • pole kontrolne
    • 20070315155141.9
040 -Instytucja sporządzająca opis [ , ]
    • a
    • Instytucja, która sporządziła opis (NP)
    • SZCZ U
    • c
    • Instytucja, która sporządziła rekord (NP)
    • SZCZ U
041 -Język dokumentu [0, ]
    • a
    • Język tekstu (P)
    • włoski
    • h
    • Język tekstu oryginalnego i/lub pośredniego (P)
    • włoski
942 -Rodzaj dokumentu [ , ]
    • c
    • Rodzaj dokumentu
    • Książka
100 -Hasło główne - nazwa osobowa [ , ]
    • a
    • Nazwa osobowa (NP)
    • DONADONI, EUGENIO
245 -Strefa tytułu i oznaczenia odpowiedzialności [1, ]
    • a
    • Tytuł
    • Breve storia della letteratura italiana : Find
    • b
    • Ciąg dalszy tytułu (NP)
    • dalle origini ai nostri giorni / Find
    • c
    • Pozostałe elementy strefy tytułu i oznaczenia odpowiedzialności (NP)
    • Eugenio Donadoni.
250 -Strefa wydania [ , ]
    • a
    • Oznaczenie wydania (NP)
    • 3 ed. riv.
260 -Strefa adresu wydawniczego [ , ]
    • a
    • Miejsce wydania (P)
    • Milano :
    • b
    • Nazwa wydawcy (P)
    • C.Signorelli,
    • c
    • Data wydania (P)
    • [1923?].
300 -Strefa opisu fizycznego [ , ]
    • a
    • Określenie formy książki i/lub objętość (NP)
    • 376 s. :
    • c
    • Format (NP)
    • 19 cm.
500 -Uwaga ogólna [ , ]
    • a
    • Uwaga ogólna (NP)
    • Ind
080 -Uniwersalna Klasyfikacja Dziesiętna [ , ]
    • a
    • Symbol klasyfikacji
    • 850(091)=50
980 -Symbol UKD [ , ]
    • a
    • UKD
    • 850(091)=50
Numer inwentarzowy Status udost. Lokalizacja Data inwentaryzacji
JK.3831BG2002-12-10